Countries of Origin - TSG Hoffenheim Bundesliga - Statistics

General Stats
  • This quiz has been taken 17 times
  • The average score is 36 of 48
Answers on the Map
Answers color-coded by a green-red scale on the quiz's map according to % correct below.
 
Answer Stats
Hint Answer % Correct
Justin Che United States
100%
David Abraham Argentina
92%
Alexander Prass Austria
92%
Koen Casteels Belgium
92%
Carlos Eduardo Brazil
92%
Andrej Kramaric Croatia
92%
Robin Hranac Czechia
92%
Kasper Dolberg Denmark
92%
Stanley Nsoki France
92%
Grischa Prömel Germany
92%
Adam Szalai Hungary
92%
Vincenzo Grifo Italy
92%
Koki Machida Japan
92%
Justin Hoogma Netherlands
92%
Eugen Polanski Poland
92%
Eduardo Quaresma Portugal
92%
In-hyeok Park South Korea
92%
Joselu Spain
92%
Per Nilsson Sweden
92%
Steven Zuber Switzerland
92%
Ozan Kabak Turkey
92%
Ishak Belfodil Algeria
85%
Sejad Salihovic Bosnia and Herzegovina
85%
Bazoumana Touré Côte D'Ivoire
85%
Konstantinos Stafylidis Greece
85%
Leo Östigaard Norway
85%
Mijat Gacinovic Serbia
85%
Ryan Sessegnon United Kingdom
85%
Eduardo Vargas Chile
77%
Jukka Raitala Finland
77%
Chinedu Obasi Nigeria
77%
Demba Ba Senegal
77%
Ihlas Bebou Togo
77%
Kasim Adams Nuhu Ghana
69%
Lúkas Petersson Iceland
69%
Leon Avdullahu Kosovo
69%
Diadié Samassékou Mali
69%
Luis Advincula Peru
69%
Jiloan Hamad Iraq
62%
Munas Dabbur Israel
62%
Ahmed Sassi Tunisia
62%
Meris Skenderovic Montenegro
54%
Sargis Adamyan Armenia
46%
Melayro Bogarde Suriname
31%
Sandro Wieser Liechtenstein
15%
Alfonso Amade Mozambique
15%
Stephan Schröck Philippines
15%
Knowledge Musona Zimbabwe
15%
No matching quizzes found
Score Distribution
Percent of People with Each Score
Percentile by Number Answered
Your Score History
You have not taken this quiz